000 00292nam a22001337a 4500
008 170825b xxu||||| |||| 00| 0 eng d
020 _a9780030271939
041 _aeng
080 _a070
100 _a39
101 _aMED
245 _aSAY IT NATURALLY
_cWALL.A.P
942 _2udc
_cBK
999 _c25042
_d25042